000
00302nam a22001217a 4500
008
230524b |||||||| |||| 00| 0 eng d
082
_a
915.445 MADDIS
100
_a
MADHYA PRADESH
245
_a
DISCOVERING MADHYA PRADESH
260
_a
MP
_b
Incredible India
_c
2011
300
_a
374p.
942
_2
ddc
_c
BK
999
_c
2904
_d
2904